<?xml version="1.0" encoding="UTF-8"?>
<record
    xmlns:xsi="http://www.w3.org/2001/XMLSchema-instance"
    xsi:schemaLocation="http://www.loc.gov/MARC21/slim http://www.loc.gov/standards/marcxml/schema/MARC21slim.xsd"
    xmlns="http://www.loc.gov/MARC21/slim">

  <leader>00852na  a2200217   4500</leader>
  <controlfield tag="001">23970</controlfield>
  <controlfield tag="003">MIRAKIL</controlfield>
  <controlfield tag="005">20181213155325.0</controlfield>
  <controlfield tag="008">180201b        tu            000 0      </controlfield>
  <datafield tag="020" ind1=" " ind2=" ">
    <subfield code="a">9789751949226</subfield>
  </datafield>
  <datafield tag="040" ind1=" " ind2=" ">
    <subfield code="a">Milas</subfield>
    <subfield code="b">tur</subfield>
    <subfield code="c">TR-AnCHP</subfield>
  </datafield>
  <datafield tag="041" ind1=" " ind2=" ">
    <subfield code="a">tur</subfield>
  </datafield>
  <datafield tag="082" ind1=" " ind2=" ">
    <subfield code="a">337.1060561</subfield>
    <subfield code="b">T96 2010</subfield>
  </datafield>
  <datafield tag="090" ind1=" " ind2=" ">
    <subfield code="a">337.1060561 T96 2010</subfield>
  </datafield>
  <datafield tag="110" ind1=" " ind2=" ">
    <subfield code="a">T&#xFC;rk &#x130;&#x15F;birli&#x11F;i ve Kalk&#x131;nma &#x130;daresi Ba&#x15F;kanl&#x131;&#x11F;&#x131; (T&#x130;KA)</subfield>
  </datafield>
  <datafield tag="245" ind1=" " ind2=" ">
    <subfield code="a">T&#xFC;rk &#x130;&#x15F;birli&#x11F;i ve Kalk&#x131;nma &#x130;daresi Ba&#x15F;kanl&#x131;&#x11F;&#x131; faaliyet raporu '09</subfield>
    <subfield code="c">T&#xFC;rk &#x130;&#x15F;birli&#x11F;i ve Kalk&#x131;nma &#x130;daresi Ba&#x15F;kanl&#x131;&#x11F;&#x131; (T&#x130;KA) </subfield>
  </datafield>
  <datafield tag="260" ind1=" " ind2=" ">
    <subfield code="a">Ankara</subfield>
    <subfield code="b">T&#xFC;rk &#x130;&#x15F;birli&#x11F;i ve Kalk&#x131;nma &#x130;daresi Ba&#x15F;kanl&#x131;&#x11F;&#x131; T&#x130;KA)</subfield>
    <subfield code="c">2010</subfield>
    <subfield code="f">Altan matbaac&#x131;l&#x131;k</subfield>
  </datafield>
  <datafield tag="300" ind1=" " ind2=" ">
    <subfield code="a">180 s.</subfield>
    <subfield code="b">fot&#x11F;.</subfield>
    <subfield code="c">30 sm.</subfield>
  </datafield>
  <datafield tag="610" ind1=" " ind2=" ">
    <subfield code="a">T&#xFC;rk &#x130;&#x15F;birli&#x11F;i ve Kalk&#x131;nma &#x130;daresi Ba&#x15F;kanl&#x131;&#x11F;&#x131;</subfield>
    <subfield code="x">Faaliyet raporlar&#x131;</subfield>
    <subfield code="y">2009</subfield>
  </datafield>
  <datafield tag="942" ind1=" " ind2=" ">
    <subfield code="2">dcc</subfield>
    <subfield code="c">BKS</subfield>
  </datafield>
  <datafield tag="952" ind1=" " ind2=" ">
    <subfield code="a">0001</subfield>
    <subfield code="b">0001</subfield>
    <subfield code="d">2018-02-01</subfield>
    <subfield code="e">2</subfield>
    <subfield code="l">0</subfield>
    <subfield code="o">337.1060561 T96 2010</subfield>
    <subfield code="p">017964</subfield>
    <subfield code="r">2018-02-01 00:00:00</subfield>
    <subfield code="v">0.00</subfield>
    <subfield code="w">2018-02-01</subfield>
    <subfield code="y">BKS</subfield>
  </datafield>
  <datafield tag="999" ind1=" " ind2=" ">
    <subfield code="c">10532</subfield>
    <subfield code="d">10532</subfield>
  </datafield>
</record>
